Modern legal ethics / (Record no. 9694)
[ view plain ]
| 000 -LEADER | |
|---|---|
| fixed length control field | 00960nam a22002652 4500 |
| 001 - CONTROL NUMBER | |
| control field | 0000021499 |
| 005 - DATE AND TIME OF LATEST TRANSACTION | |
| control field | 20151217152233.0 |
| 008 - FIXED-LENGTH DATA ELEMENTS--GENERAL INFORMATION | |
| fixed length control field | 120618s xx 000 0 eng d |
| 020 ## - INTERNATIONAL STANDARD BOOK NUMBER | |
| International Standard Book Number | 0314926399 : |
| 040 ## - CATALOGING SOURCE | |
| Original cataloging agency | KABU |
| Transcribing agency | KABU |
| 100 1# - MAIN ENTRY--PERSONAL NAME | |
| Personal name | Wolfram, Charles W. |
| -- | 0000182395 |
| 245 10 - TITLE STATEMENT | |
| Title | Modern legal ethics / |
| Statement of responsibility, etc. | Charles W. Wolfram. |
| 250 ## - EDITION STATEMENT | |
| Edition statement | 1st ed. |
| 260 ## - PUBLICATION, DISTRIBUTION, ETC. (IMPRINT) | |
| Place of publication, distribution, etc. | St. Paul, WIN : |
| Name of publisher, distributor, etc. | West, |
| Date of publication, distribution, etc. | 1986. |
| 300 ## - PHYSICAL DESCRIPTION | |
| Extent | xxlv, 1114 p. |
| 650 #0 - SUBJECT ADDED ENTRY--TOPICAL TERM | |
| Topical term or geographic name as entry element | Legal ethics |
| Geographic subdivision | United States. |
| -- | 0000181624 |
| 650 #0 - SUBJECT ADDED ENTRY--TOPICAL TERM | |
| Topical term or geographic name as entry element | Attorney and client |
| Geographic subdivision | United States. |
| -- | 0000182396 |
| 852 1# - LOCATION | |
| -- | p7301.70 KES |
| 852 1# - LOCATION | |
| -- | p7301.70 KES |
| 852 1# - LOCATION | |
| -- | p7301.70 KES |
| 852 1# - LOCATION | |
| -- | p7301.70 KES |
| 852 1# - LOCATION | |
| -- | p7301.70 KES |
| 908 ## - PUT COMMAND PARAMETER (RLIN) | |
| Put command parameter | 120618 |
| 950 ## - LOCAL HOLDINGS (RLIN) | |
| -- | 1 |
| Withdrawn status | Lost status | Source of classification or shelving scheme | Not for loan | Home library | Current library | Date acquired | Total Checkouts | Full call number | Barcode | Date last seen | Date last checked out | Price effective from | Koha item type |
|---|---|---|---|---|---|---|---|---|---|---|---|---|---|
| Library of Congress Classification | Kabarak, Main Campus | Kabarak, Main Campus | 17/12/2015 | 1 | KF306 .W65 1986 c. 1 | 013268 | 28/11/2018 | 19/11/2018 | 17/12/2015 | General Collection | |||
| Library of Congress Classification | Kabarak, Main Campus | Kabarak, Main Campus | 17/12/2015 | KF306 .W65 1986 c. 2 | 013266 | 17/12/2015 | 17/12/2015 | General Collection | |||||
| Library of Congress Classification | Kabarak, Main Campus | Kabarak, Main Campus | 17/12/2015 | 1 | KF306 .W65 1986 c. 3 | 013298 | 01/11/2018 | 18/10/2018 | 17/12/2015 | General Collection | |||
| Library of Congress Classification | Kabarak, Main Campus | Kabarak, Main Campus | 17/12/2015 | 2 | KF306 .W65 1986 c. 4 | 013269 | 03/11/2018 | 24/10/2018 | 17/12/2015 | General Collection | |||
| Library of Congress Classification | Kabarak, Main Campus | Kabarak, Main Campus | 17/12/2015 | KF306 .W65 1986 c. 5 | 013312 | 17/12/2015 | 17/12/2015 | General Collection |